000
00282nam a22001097a 4500
082
_a
355 HUN'C
100
_a
HUNTINGTON, SAMUAL P
_9
80264
245
_a
THE COMMON DEFENSE STRATEGIC PROGRAMS IN NATIONAL POLITICS
260
_a
NEWYORK
_b
COLUMBIA
_c
1961
300
_a
500P
942
_c
BK
999
_c
585211
_d
585211